000 00371nam a22001577a 4500
003 MPLRDC
005 20220104123651.0
008 210129b ||||| |||| 00| 0 eng d
082 _a413.8 QXT c.2
100 _a秦孝天编
245 _a急性疾病治疗
_c
260 _a
_b世界出版社
_c
300 _b
650 _a中医杂病
942 _cBK
_o413.8 QXT c.2
999 _c13229
_d13219